000 00821nam a2200277Ia 4500
003 OSt
005 20220918191857.0
006 a|||||r|||| 00| 0
007 ta
008 220917b |||||||| |||| 00| 0 eng d
024 _a65,563
037 _cTextual
040 _aARTS
_cARTS
_beng
041 _2eng
_aeng
082 _aR3jM38, L0
100 _aCohen Robert S ed
_921119
245 0 _aErnst Mach physicist and philospher
260 _aDordrecht-Holland
_bD Reidel
_c1970
300 _aviii,298p.
_ccm.
490 _aBoston studies in the philosophy of science
500 _aAppendices (A-E) 219-272p; Bib 274-79p
650 _aPHILOSOPHY
700 _a Seeger Raymond J ed
_977459
942 _hR3jM38, L0
_cTEXL
_2CC
999 _c191806
_d191806